Tratado de Urología clínica y quirúrgica / (Record no. 30882)

MARC details
000 -LEADER
campo de control de longitud fija 00649nam a2200181 i 4500
001 - NÚMERO DE CONTROL
campo de control 30882
003 - IDENTIFICADOR DE NÚMERO DE CONTROL
campo de control ES-MaACL
005 - FECHA Y HORA DE LA ÚLTIMA TRANSACCIÓN
campo de control 20230906154253.0
007 - CAMPO FIJO DE DESCRIPCIÓN FÍSICA--INFORMACIÓN GENERAL
campo de control de longitud fija t|
008 - DATOS DE LONGITUD FIJA--INFORMACIÓN GENERAL
campo de control de longitud fija 030127s1954 sp ||||1| spa d
100 1# - ENTRADA PRINCIPAL--NOMBRE DE PERSONA
Nombre de persona Bartrina Thomas, José María (
Fechas asociadas al nombre 1877-1950)
9 (RLIN) 26195
245 10 - MENCIÓN DEL TÍTULO
Título Tratado de Urología clínica y quirúrgica /
Mención de responsabilidad, etc. por José Mª Bartrina Thomás y José Mª Bartrina Calvo ; prólogo de P. Pintachs.
260 ## - PUBLICACIÓN, DISTRIBUCIÓN, ETC.
Lugar de publicación, distribución, etc. Madrid :
Nombre del editor, distribuidor, etc. Espasa-Calpe,
Fecha de publicación, distribución, etc. 1954.
300 ## - DESCRIPCIÓN FÍSICA
Extensión 692 p., 1 lám. ret. aut. :
Otras características físicas il. ;
Dimensiones 25 cm.
700 1# - ENTRADA AGREGADA--NOMBRE PERSONAL
Nombre de persona Bartrina Calvo, José María.
9 (RLIN) 26193
700 1# - ENTRADA AGREGADA--NOMBRE PERSONAL
Nombre de persona Pintachs, P.
9 (RLIN) 92202
852 ## - LOCALIZACIÓN
Ubicación ES-MaACL
Número de control de estantería C-5976
Sublocalización o colección R.35608
Holdings
Estatus retirado Estado de pérdida Estado de daño No para préstamo Biblioteca de origen Biblioteca actual Ubicación en estantería Fecha de adquisición Fuente de adquisición Total de préstamos Signatura topográfica completa Código de barras Visto por última vez Precio de reemplazo Tipo de ítem Koha
        Biblioteca del Ateneo de Madrid Biblioteca del Ateneo de Madrid Sala Palomar 17/01/2008     C-5976 1031903 23/02/2023 23/02/2023 Libro impreso